000 00704nam a2200289Ia 4500
005 20260324122613.0
008 008 260324s9999 xx 000 0 eng d
020 _a9781315555898
037 _aEBOOK
040 _aCRL
040 _beng
040 _cCRL
041 _2eng
041 _aeng
084 _qCRL
100 _aAurélien Mondon
_91167094
245 4 _aThe Mainstreaming of the Extreme Right in France and Australia
245 2 _bA Populist Hegemony?
260 _bTaylor and Francis
260 _c2013
365 _a
365 _b255
856 _uhttp://www.taylorfrancis.com/books/9781315555898
942 _cEBOOK
999 _c1759957
_d1759957